| 000 -LEADER |
| fixed length control field |
00830nam a2200217Ia 4500 |
| 001 - CONTROL NUMBER |
| control field |
6347 |
| 003 - CONTROL NUMBER IDENTIFIER |
| control field |
GE_BSU |
| 005 - DATE AND TIME OF LATEST TRANSACTION |
| control field |
20191129112227.0 |
| 008 - FIXED-LENGTH DATA ELEMENTS--GENERAL INFORMATION |
| fixed length control field |
181216s2013||||enk|||||||||||||| ||eng|| |
| 020 ## - INTERNATIONAL STANDARD BOOK NUMBER |
| International Standard Book Number |
978966657452 |
| 040 ## - CATALOGING SOURCE |
| Transcribing agency |
GE_BSU |
| 080 ## - UNIVERSAL DECIMAL CLASSIFICATION NUMBER |
| Universal Decimal Classification number |
378 Ch-51 |
| 100 ## - MAIN ENTRY--PERSONAL NAME |
| Personal name |
Chernyshenko, S.V. |
| 9 (RLIN) |
5609 |
| 245 ## - TITLE STATEMENT |
| Title |
Tempus. Integrated university management system:eu experience on nis countries' Ground. |
| Remainder of title |
Tempus programme Joinnt European project |
| Statement of responsibility, etc. |
,S.V. Chernyshenko, V.O. Lyubchak. |
| 264 ## - PRODUCTION, PUBLICATION, DISTRIBUTION, MANUFACTURE, AND COPYRIGHT NOTICE |
| Place of production, publication, distribution, manufacture |
Sumy : |
| Name of producer, publisher, distributor, manufacturer |
Sumy State University, |
| Date of production, publication, distribution, manufacture, or copyright notice |
2013. |
| 300 ## - PHYSICAL DESCRIPTION |
| Extent |
216 p. : |
| Other physical details |
ill. ; |
| Dimensions |
23 сm. |
| 653 ## - INDEX TERM--UNCONTROLLED |
| keyword |
უნივერსიტეტის მართვის ინტეგრირებული სისტემა |
| 653 ## - INDEX TERM--UNCONTROLLED |
| keyword |
ტემპუსი |
| 700 ## - ADDED ENTRY--PERSONAL NAME |
| Personal name |
Lyubchak, V.O. |
| Relator term |
ავტორი |
| 9 (RLIN) |
5610 |
| 942 ## - ADDED ENTRY ELEMENTS (KOHA) |
| Koha item type |
წიგნი |
| Source of classification or shelving scheme |
|